A História (Registo nº 2763)

Detalhes MARC
000 -Etiqueta do registo
Cabeçalho 01024nam a22003251 4500
005 - Identificador da versão
Campo de controlo 20240813121944.0
095 ## -
-- PTBN00609760
010 ## - Número internacional normalizado dos livros (ISBN)
Número (ISBN) 9727302610
021 ## - Número do Depósito Legal
Código do país PT
Número 178790/02
100 ## - Dados gerais de processamento
Dados gerais de processamento 20060417d2002 cd y0pory5003 ba
102 ## - Pais de publicação ou produção
País de publicação Portugal
101 1# - Língua de publicação
Língua do texto, banda sonora, etc. Português
Língua do documento no original Inglês
106 ## - Campo de dados codificados: material textual
Dados codificados do material textual r
105 ## - Campo de dados codificados: livros
Dados codificados dos livros a z 001yy
215 ## - Descrição física 
Indicação específica da natureza do documento e extensão da espécie 77 p.
Outras indicações físicas muito il.
Dimensões 27 cm
200 1# - Titulo e menção de responsabilidade
Título próprio A História
Informação de outro título da pré-história à internet, a grande aventura dos homens
Primeira menção de responsabilidade textos de Catherine Salles
Outras menções de responsabilidade il. Robert Barborini e Monick Czarnecki
-- trad. Cristina Soeiro
225 2# - Colecção 
Título próprio da colecção Enciclopédia Larousse
Nome de uma parte ou secção dos 6/9 anos
210 ## - Publicação, Distribuição, etc. 
Lugar da edição, distribuição, etc. Sintra
Nome do editor, distribuidor, etc. Marus
Data da publicação, distribuição, etc. D.L. 2002
304 ## - Notas relativas a título e menção de responsabilidade 
Texto da nota Tít. orig.: L'Histoire
606 ## - Nome comum usado como assunto
Número de registo de entrada de autoridade 0001728
Palavra de ordem História
675 ## - Classificação Decimal Universal (CDU)
Notação 93
Edição
Língua da edição por
702 #1 - Nome de autor-pessoa física (responsabilidade secundária)
Número de registo de entrada de autoridade 0001732
Palavra de ordem Soeiro
Outra parte do nome não tomada para palavra de ordem Cristina
Código de função Tradutor
701 #1 - Nome de autor-pessoa física (co-responsabilidade principal)
Palavra de ordem Barborini
Outra parte do nome não tomada para palavra de ordem Robert
Código de função Ilustrador / Técnico de desenho computorizado
Palavra de ordem Czarnecki
Outra parte do nome não tomada para palavra de ordem Monick
Código de função Ilustrador / Técnico de desenho computorizado
700 #1 - Nome de autor-pessoa física (responsabilidade principal)
Número de registo de entrada de autoridade 0001729
Palavra de ordem Salles
Outra parte do nome não tomada para palavra de ordem Catherine
942 ## - Elementos de entrada adicionados (Koha)
Tipo de item no Koha Livro
Exemplares
Situação do levantamento Origin of item (home branch) (coded) Biblioteca de empréstimo Código de barras Cota Circulation type (not for loan) Tipo de documento Nota do exemplar Damaged status
  Biblioteca Escolar da Coca Maravilhas Biblioteca Escolar da Coca Maravilhas BECM7305/06 9HIS SAL   Livro Sem mensagem  
  Biblioteca Escolar da Coca Maravilhas Biblioteca Escolar da Coca Maravilhas BECM7307/06 9HIS SAL   Livro Sem mensagem